Kopolyamidy s anorganickými časticami ako modifikátory pre vláknotvorné polyméry

Gespeichert in:
Bibliographische Detailangaben
1. Verfasser: Vassová, Iveta
Format: Buch
Sprache:Slowakisch
Veröffentlicht: Bratislava STU FCHPT 2009
Online-Zugang:Im OPAC anzeigen
Tags: Tag hinzufügen
Keine Tags, Fügen Sie das erste Tag hinzu!

MARC

LEADER 00000nam a2200000 a 4500
005 20260127133931.0
008 110224 2009 xo 000 0 slo d
035 |a vtls010239110 
039 9 |y 201102241022  |z mschk03 
040 |a STUSCHK1  |b slo  |c STUSCHK1  |e AACR2 
100 1 |a Vassová, Iveta 
245 1 |a Kopolyamidy s anorganickými časticami ako modifikátory pre vláknotvorné polyméry  |c Iveta Vassová 
260 |a Bratislava  |b STU FCHPT  |c 2009 
300 |a 127 s.  |b il.  |c 30 cm + CD-ROM 
500 |a Dizertačná práca 
500 |a Obháj.: 10.2. 2010 
500 |a Fakulta chemickej a potravinárskej technológie, Odd. vlákien a textilu 
910 |a SCHK95 
999 |c 352  |d 352